Sports Quiz

Random Sports or Minefield Quiz

Avoid the 'A' Big 4 Teams Quiz Stats

 Plays Quiz Updated Jun 12, 2017

Challenge
Share
Tweet
Embed
Score 0/25 Timer 01:00
0 Plays Today
Letter Team % Correct
S???
97.2%
E???
94%
I???
93%
R???
92.3%
N???
89.3%
O???
89%
B???
88.7%
T???
88.2%
L???
87.8%
MINES???
86.3%
C???
84.6%
D???
83.1%
U???
80.2%
Letter Team % Correct
G???
71.7%
W???
69.4%
H???
67.8%
K???
67.7%
P???
61.6%
J???
48.5%
M???
43.7%
X???
43.3%
Y???
39.2%
V???
36.6%
F???
30.5%
Z???
20.7%

You're not logged in!

Compare scores with friends on all Sporcle quizzes.
Join for Free
OR
Log In

You Might Also Like...

Show Comments

Extras

Top Quizzes Today


Score Distribution

Your Account Isn't Verified!

In order to create a playlist on Sporcle, you need to verify the email address you used during registration. Go to your Sporcle Settings to finish the process.

Report this User

Report this user for behavior that violates our Community Guidelines.

Details: